| 000 | 00602nam a22002057a 4500 | ||
|---|---|---|---|
| 005 | 20180706161844.0 | ||
| 010 | _aENG-123401 | ||
| 020 |
_a9788121926058 _c599.00 |
||
| 035 | _aEN-106933 | ||
| 037 | _bDBAD/PUB | ||
| 082 | _a624 | ||
| 100 | _aKhurmi, R.S. | ||
| 245 |
_aCivil engineering : _cby R.S.Khurmi [and] J.K.Gupta _bconventional and objective type / |
||
| 260 |
_aNew Delhi _bS.Chand _c2018 |
||
| 270 |
_a7361, Ram Nagar _bNew Delhi _e110055 |
||
| 300 |
_axi,724p.: _bill. _c24cm(pbk) |
||
| 500 | _aIncludes index | ||
| 700 | _aGupta, J.K. | ||
| 942 |
_2ddc _cEN _mKHU _h624 |
||
| 999 |
_c153546 _d153546 |
||